[Event "BL 1415 SG Solingen - Bayern München"]
[Site "?"]
[Date "2014.10.18"]
[Round "1.3"]
[White "Fedorovsky, Michael"]
[Black "Nikolic, Predrag"]
[Result "1/2-1/2"]
[WhiteElo "2436"]
[BlackElo "2605"]
[PlyCount "81"]
[EventDate "2014.??.??"]

1. d4 Nf6 2. c4 e6 3. Nc3 Bb4 4. Qc2 O-O 5. Nf3 c5 6. dxc5 Na6 7. g3 Nxc5 8.
Bg2 Nce4 9. O-O Bxc3 10. bxc3 Qc7 11. Nd4 d5 12. cxd5 exd5 13. Bf4 Qc4 14. Qb3
Qxb3 15. axb3 Bd7 16. c4 Rfe8 17. Rfc1 h6 18. f3 Ng5 19. cxd5 Nxd5 20. Bxg5
hxg5 21. f4 Ne3 22. Bxb7 Rad8 23. fxg5 Bh3 24. Nf3 Re7 25. Bc6 g6 26. b4 Be6
27. b5 Bc4 28. Rc3 Bxe2 29. Re1 Rd1 30. Rxd1 Nxd1 31. Ra3 Nb2 32. Ra2 Nc4 33.
Kf2 Bd1 34. Bd5 Ne3 35. Rd2 Ba4 36. Bc6 a6 37. Nd4 Ng4+ 38. Kg2 axb5 39. Bxb5
Bxb5 40. Nxb5 Re5 41. Nd6 1/2-1/2

[Event "BL 1415 SG Solingen - Bayern München"]
[Site "?"]
[Date "2014.10.18"]
[Round "1.4"]
[White "Naumann, Alexander"]
[Black "Jorczik, Julian"]
[Result "0-1"]
[WhiteElo "2560"]
[BlackElo "2400"]
[PlyCount "136"]
[EventDate "2014.??.??"]

1. d4 Nf6 2. c4 g6 3. Nc3 Bg7 4. e4 d6 5. f3 O-O 6. Nge2 c5 7. d5 a6 8. a4 e6
9. Ng3 exd5 10. cxd5 Nbd7 11. Be2 h5 12. O-O h4 13. Nh1 Nh5 14. Be3 f5 15. f4
fxe4 16. Bxh5 gxh5 17. Qxh5 Nf6 18. Qxh4 Ng4 19. Qxd8 Rxd8 20. Rfe1 Nxe3 21.
Rxe3 Bd4 22. Rae1 b5 23. Nf2 Bxe3 24. Rxe3 bxa4 25. Nfxe4 Rb8 26. Nxa4 Rb4 27.
Nac3 Bf5 28. Ng3 Bc2 29. Re2 Rxb2 30. Nf5 Rdb8 31. Nxd6 Bd3 32. Re3 c4 33. h4
R2b3 34. Ne2 Rd8 35. Ne4 Kf8 36. Nd4 Rb1+ 37. Kh2 Rxd5 38. Ne6+ Kf7 39. Nc3
Rbb5 40. g4 Rb2+ 41. Kg3 Rd6 42. Nc5 Rc2 43. N3a4 Re2 44. Rxe2 Bxe2 45. Nc3 Bd1
46. f5 Bc2 47. h5 a5 48. Kf4 Rd4+ 49. Kf3 a4 50. h6 a3 51. h7 Rd8 52. Ne6 Rh8
53. Kf4 Ke7 54. Ng5 Bb1 55. Nd5+ Kf8 56. Ne6+ Ke8 57. g5 a2 58. g6 a1=Q 59. g7
Kf7 60. f6 Kxe6 61. gxh8=Q Qe5+ 62. Kg4 Bf5+ 63. Kf3 Qxd5+ 64. Kf2 Qd4+ 65. Kf3
Be4+ 66. Kg3 Qe3+ 67. Kh4 Qf2+ 68. Kg4 Bf5+ 0-1

[Event "BL 1415 SG Solingen - Bayern München"]
[Site "?"]
[Date "2014.10.18"]
[Round "1.5"]
[White "Richter, Wolfgang"]
[Black "Handke, Florian"]
[Result "1/2-1/2"]
[WhiteElo "2398"]
[BlackElo "2546"]
[PlyCount "90"]
[EventDate "2014.??.??"]

1. d4 d5 2. Nf3 Nf6 3. c3 Bf5 4. Bf4 e6 5. e3 Nbd7 6. Bd3 Ne4 7. Qe2 Bd6 8.
Nbd2 O-O 9. O-O Ndf6 10. Bxd6 cxd6 11. Ne1 e5 12. f3 Nxd2 13. Qxd2 Bg6 14. Bxg6
hxg6 15. Nd3 Re8 16. Nf2 Qd7 17. Rad1 Rad8 18. Qc2 Qc6 19. Qb3 b5 20. Rd2 a5
21. dxe5 dxe5 22. Qd1 Qb6 23. Qe2 b4 24. cxb4 axb4 25. Rfd1 Ra8 26. Ng4 Nxg4
27. fxg4 Red8 28. Rxd5 Rxd5 29. Rxd5 Rxa2 30. h3 e4 31. Rd4 Ra1+ 32. Kf2 Qf6+
33. Kg3 Qe5+ 34. Kf2 Qf6+ 35. Kg3 Qe5+ 36. Kf2 Rc1 37. Qd2 Qf6+ 38. Kg3 Qe5+
39. Kf2 Qc7 40. Qxb4 Qh2 41. Rd8+ Kh7 42. Qxe4 Qg1+ 43. Kg3 Qe1+ 44. Kh2 Qg1+
45. Kg3 Qe1+ 1/2-1/2

[Event "BL 1415 SG Solingen - Bayern München"]
[Site "?"]
[Date "2014.10.18"]
[Round "1.6"]
[White "Appel, Ralf"]
[Black "Renner, Christoph"]
[Result "1/2-1/2"]
[WhiteElo "2526"]
[BlackElo "2375"]
[PlyCount "100"]
[EventDate "2014.??.??"]

1. Nf3 Nf6 2. c4 d6 3. d4 Nbd7 4. Nc3 e5 5. g3 c6 6. Bg2 e4 7. Nh4 d5 8. cxd5
cxd5 9. f3 exf3 10. exf3 Nb6 11. O-O Be7 12. Qd3 O-O 13. Nf5 Bxf5 14. Qxf5 Rc8
15. Bf4 Nc4 16. b3 Ne3 17. Bxe3 Rxc3 18. Bd2 g6 19. Qb1 Rc6 20. Re1 Qd7 21. Qd3
Nh5 22. Rac1 Bf6 23. Rxc6 Qxc6 24. g4 Ng7 25. g5 Bd8 26. f4 Bb6 27. Bh3 Ne6 28.
Bxe6 fxe6 29. Kg2 Rc8 30. Qh3 Re8 31. Rc1 Qb5 32. Qe3 Qd7 33. Qe5 Qf7 34. a4
Qf5 35. Qxf5 exf5 36. Kf3 Kf7 37. Be3 Ke6 38. Ke2 Kd7 39. Kd3 Rh8 40. a5 Bd8
41. Rc5 Kd6 42. Rc8 Bf6 43. Rxh8 Bxh8 44. Kc3 Kc6 45. Kb4 Bg7 46. Ka4 Bf8 47.
b4 a6 48. Bd2 h6 49. h4 h5 50. Be3 b5+ 1/2-1/2

[Event "BL 1415 SG Solingen - Bayern München"]
[Site "?"]
[Date "2014.10.18"]
[Round "1.7"]
[White "Zwanzger, Johannes"]
[Black "Andersen, Mads"]
[Result "0-1"]
[WhiteElo "2313"]
[BlackElo "2485"]
[PlyCount "80"]
[EventDate "2014.??.??"]

1. e4 e5 2. Nf3 Nc6 3. Bb5 a6 4. Ba4 Nf6 5. O-O Be7 6. Re1 b5 7. Bb3 d6 8. c3
O-O 9. d4 Bg4 10. d5 Na5 11. Bc2 c6 12. dxc6 Qc7 13. Nbd2 Qxc6 14. Nf1 Be6 15.
Qe2 Rfe8 16. Bg5 Nc4 17. Bd3 h6 18. Bxf6 Bxf6 19. Ne3 Nb6 20. Nd2 Rac8 21. Bc2
Bg5 22. Bb3 a5 23. Rad1 Na4 24. Bd5 Bxd5 25. exd5 Qd7 26. Ne4 Bxe3 27. fxe3 f5
28. Nf2 e4 29. Nh3 g5 30. Rd2 Re5 31. Qh5 Qg7 32. Rf1 Nb6 33. Rdf2 Rf8 34. Qe2
Rxd5 35. g4 Nc4 36. Rxf5 Rfxf5 37. gxf5 Nd2 38. Qh5 Nxf1 39. Qe8+ Kh7 40. Qxe4
Qe5 0-1

[Event "BL 1415 SG Solingen - Bayern München"]
[Site "?"]
[Date "2014.10.18"]
[Round "1.8"]
[White "Wegerle, Joerg"]
[Black "Unzicker, Ferdinand"]
[Result "1-0"]
[WhiteElo "2438"]
[BlackElo "2325"]
[PlyCount "53"]
[EventDate "2014.??.??"]

1. e4 c5 2. Nc3 Nc6 3. Bb5 Nd4 4. Bc4 e6 5. Nge2 Nf6 6. O-O a6 7. d3 b5 8. Bb3
Nxb3 9. axb3 Bb7 10. f4 d6 11. Qe1 b4 12. Nd1 Be7 13. Ne3 O-O 14. Qg3 Kh8 15.
Qh3 d5 16. e5 Ne8 17. f5 d4 18. Nc4 exf5 19. Qxf5 Nc7 20. Bd2 Ne6 21. Ng3 Qd5
22. Ne4 Rae8 23. Rf3 Nc7 24. Rh3 g6 25. Qf4 f5 26. exf6 Bd8 27. Rxh7+ 1-0

[Event "BL 1415 SV Mülheim Nord - Schwäbisch "]
[Site "?"]
[Date "2014.10.18"]
[Round "1.5"]
[White "Inarkiev, Ernesto"]
[Black "Berelowitsch, Alexander"]
[Result "1-0"]
[WhiteElo "2672"]
[BlackElo "2549"]
[PlyCount "81"]
[EventDate "2014.??.??"]

1. d4 d5 2. c4 e6 3. Nc3 c5 4. cxd5 exd5 5. Nf3 Nc6 6. g3 Nf6 7. Bg2 Be7 8. O-O
O-O 9. dxc5 Bxc5 10. Na4 Be7 11. Be3 Re8 12. Rc1 Bg4 13. Nd4 Qd7 14. f3 Bh5 15.
Nxc6 bxc6 16. Bd4 Bg6 17. Qd2 Qe6 18. Rfe1 Nd7 19. Bf1 Rab8 20. a3 c5 21. Nxc5
Nxc5 22. Bxc5 Bxc5+ 23. Rxc5 Rxb2 24. Qxb2 Qe3+ 25. Kg2 Qxc5 26. Rc1 Qe7 27.
Rd1 Rd8 28. Rd4 f6 29. Qb4 Kf7 30. Qa5 Kf8 31. e4 Rc8 32. Rxd5 Bxe4 33. fxe4
Qxe4+ 34. Kf2 Rc2+ 35. Rd2 Qd4+ 36. Ke2 Qc4+ 37. Ke3 Qb3+ 38. Bd3 Qe6+ 39. Kf2
Rxd2+ 40. Qxd2 Qb6+ 41. Qe3 1-0

[Event "BL 1415 SV Mülheim Nord - Schwäbisch "]
[Site "?"]
[Date "2014.10.18"]
[Round "1.6"]
[White "Hausrath, Daniel"]
[Black "Gharamian, Tigran"]
[Result "1/2-1/2"]
[WhiteElo "2515"]
[BlackElo "2657"]
[PlyCount "59"]
[EventDate "2014.??.??"]

1. Nf3 Nf6 2. g3 d5 3. Bg2 e6 4. d4 Be7 5. c4 O-O 6. Qc2 dxc4 7. Nbd2 c5 8.
dxc5 Na6 9. O-O Nxc5 10. Nxc4 Bd7 11. Nce5 Rc8 12. Rd1 Qa5 13. Nxd7 Ncxd7 14.
Qb1 Qb6 15. Be3 Bc5 16. Bxc5 Nxc5 17. e3 Na4 18. Rd2 Rfd8 19. Rxd8+ Qxd8 20. b3
Nc3 21. Qe1 Nfe4 22. h3 g6 23. Kh2 b5 24. a3 a6 25. Rc1 Nd5 26. Nd4 Nef6 27. e4
Ne7 28. Rxc8 Qxc8 29. Qb4 Qc7 30. a4 1/2-1/2

[Event "BL 1415 SV Mülheim Nord - Schwäbisch "]
[Site "?"]
[Date "2014.10.18"]
[Round "1.7"]
[White "Wirig, Anthony"]
[Black "Levin, Felix"]
[Result "1/2-1/2"]
[WhiteElo "2490"]
[BlackElo "2504"]
[PlyCount "68"]
[EventDate "2014.??.??"]

1. d4 Nf6 2. c4 e6 3. Nc3 Bb4 4. Qc2 c5 5. dxc5 Bxc5 6. Nf3 Qb6 7. e3 Be7 8. g4
h6 9. Rg1 Nc6 10. a3 d6 11. h4 Nd7 12. g5 Nde5 13. Nd2 h5 14. b4 a5 15. b5 Nb8
16. Bb2 Qc7 17. O-O-O Nbd7 18. Na4 Bf8 19. Kb1 b6 20. Bg2 Bb7 21. Bxb7 Qxb7 22.
f4 Ng4 23. Rg3 O-O-O 24. Qe4 Nc5 25. Qxb7+ Kxb7 26. Nxc5+ dxc5 27. Kc2 Rg8 28.
Ne4 Rxd1 29. Kxd1 f5 30. gxf6 gxf6 31. Ke2 Be7 32. Rg1 Kc7 33. Bc3 Rg6 34. a4
Rg8 1/2-1/2

[Event "BL 1415 SV Mülheim Nord - Schwäbisch "]
[Site "?"]
[Date "2014.10.18"]
[Round "1.8"]
[White "Feygin, Michael"]
[Black "Womacka, Mathias"]
[Result "1-0"]
[WhiteElo "2488"]
[BlackElo "2439"]
[PlyCount "75"]
[EventDate "2014.??.??"]

1. e4 c5 2. Nf3 d6 3. d4 cxd4 4. Nxd4 Nf6 5. Nc3 a6 6. a4 Nc6 7. Nxc6 bxc6 8.
a5 d5 9. Bd3 e5 10. Qe2 Bb4 11. Bd2 O-O 12. O-O Re8 13. Rfd1 Bc5 14. h3 Bb7 15.
Na4 Ba7 16. Bb4 Nd7 17. b3 Qh4 18. Be1 g6 19. Bxa6 Bxa6 20. Qxa6 Bd4 21. Qxc6
Bxa1 22. Rxa1 Qe7 23. Qxd5 Nf6 24. Qc4 Red8 25. Nb6 Rd4 26. Qc6 Rad8 27. Nc8
Qe6 28. Qxe6 fxe6 29. Ne7+ Kf8 30. Nc6 Rd1 31. Rxd1 Rxd1 32. Kf1 Nxe4 33. a6
Ra1 34. a7 Ra6 35. f3 Nf6 36. b4 Nd5 37. b5 Ra2 38. Ba5 1-0

[Event "BL 1415 SF Katernberg - SG Turm Trier"]
[Site "?"]
[Date "2014.10.18"]
[Round "1.1"]
[White "Erdos, Viktor"]
[Black "Volokitin, Andrei"]
[Result "1/2-1/2"]
[WhiteElo "2621"]
[BlackElo "2642"]
[PlyCount "47"]
[EventDate "2014.??.??"]

1. Nf3 Nf6 2. c4 g6 3. Nc3 d5 4. d4 Bg7 5. Bf4 O-O 6. Rc1 Be6 7. e3 dxc4 8. Ng5
Bd5 9. e4 h6 10. exd5 hxg5 11. Bxg5 Nxd5 12. Bxc4 Nb6 13. Bb3 Nc6 14. d5 Nd4
15. O-O Nxb3 16. Qxb3 Bxc3 17. bxc3 Qxd5 18. Bxe7 Qxb3 19. axb3 Rfe8 20. Bg5 a5
21. Rfe1 Nd7 22. Rxe8+ Rxe8 23. Be3 b5 24. c4 1/2-1/2

[Event "BL 1415 SF Katernberg - SG Turm Trier"]
[Site "?"]
[Date "2014.10.18"]
[Round "1.2"]
[White "Kryvoruchko, Yuriy"]
[Black "Lupulescu, Constantin"]
[Result "1/2-1/2"]
[WhiteElo "2710"]
[BlackElo "2630"]
[PlyCount "91"]
[EventDate "2014.??.??"]

1. e4 e6 2. d4 d5 3. Nd2 c5 4. Ngf3 cxd4 5. Nxd4 Nc6 6. Bb5 Bd7 7. Nxc6 bxc6 8.
Bd3 Bd6 9. Qe2 Ne7 10. O-O Ng6 11. Nf3 Nf4 12. Bxf4 Bxf4 13. e5 O-O 14. c4 g6
15. g3 Bh6 16. h4 c5 17. Nh2 Bc6 18. Rad1 Qe7 19. Ng4 Bg7 20. Qf3 Rac8 21. Qf4
f6 22. exf6 Bxf6 23. Nxf6+ Qxf6 24. Qxf6 Rxf6 25. Rfe1 d4 26. f4 Bf3 27. Rb1 a5
28. a3 Bg4 29. b4 axb4 30. axb4 cxb4 31. Rxb4 Rf7 32. Kf2 Ra7 33. Reb1 Kf7 34.
Rb7+ Rc7 35. Rxc7+ Rxc7 36. Rb4 Ke7 37. Ke1 Ra7 38. c5 Ra1+ 39. Kd2 Ra2+ 40.
Kc1 Ra3 41. Rxd4 Rc3+ 42. Kd2 Rxc5 43. Ra4 Rc7 44. Ke3 Bf5 45. Bxf5 exf5 46.
Ra3 1/2-1/2

[Event "BL 1415 SF Katernberg - SG Turm Trier"]
[Site "?"]
[Date "2014.10.18"]
[Round "1.3"]
[White "Howell, David W L"]
[Black "Firman, Nazar"]
[Result "1-0"]
[WhiteElo "2657"]
[BlackElo "2458"]
[PlyCount "49"]
[EventDate "2014.??.??"]

1. e4 e6 2. d4 d5 3. Nd2 c5 4. Ngf3 Nc6 5. exd5 exd5 6. Bb5 Qe7+ 7. Be2 g5 8.
h3 g4 9. hxg4 Bxg4 10. dxc5 O-O-O 11. Kf1 Nf6 12. Nb3 Ne4 13. c3 Re8 14. Nfd4
Bxe2+ 15. Qxe2 Rg8 16. Bf4 Nxd4 17. Nxd4 Qf6 18. Qf3 Bxc5 19. Rd1 Bxd4 20. cxd4
Kd7 21. Rh5 Qe6 22. Re5 Qa6+ 23. Kg1 Qxa2 24. Rc1 Re6 25. Qh5 1-0

[Event "BL 1415 SF Katernberg - SG Turm Trier"]
[Site "?"]
[Date "2014.10.18"]
[Round "1.4"]
[White "Trent, Lawrence"]
[Black "Graf, Felix"]
[Result "1/2-1/2"]
[WhiteElo "2473"]
[BlackElo "2488"]
[PlyCount "87"]
[EventDate "2014.??.??"]

1. e4 e6 2. d4 d5 3. Nd2 Nc6 4. Ngf3 Nf6 5. e5 Nd7 6. Bb5 a6 7. Ba4 b5 8. Bb3
Na5 9. O-O Bb7 10. c3 Nxb3 11. Nxb3 a5 12. a4 bxa4 13. Rxa4 c5 14. dxc5 Nxc5
15. Nxc5 Bxc5 16. Rg4 Kf8 17. Nd4 Rc8 18. Re1 h5 19. Rg5 Bxd4 20. cxd4 Qc7 21.
h4 Qc2 22. Rxh5 Rxh5 23. Qxh5 Kg8 24. Qg4 a4 25. h5 Qf5 26. Qh4 Qb1 27. Qg5 Qf5
28. Qh4 Qb1 29. Qg5 Qf5 30. Qxf5 exf5 31. Be3 Rc2 32. Ra1 Bc6 33. Rc1 Rxc1+ 34.
Bxc1 Be8 35. f3 f6 36. h6 fxe5 37. dxe5 gxh6 38. Bxh6 Kf7 39. Kf2 Ke6 40. Bf4
d4 41. Ke1 Bb5 42. Bh2 Kd5 43. Bf4 Bd7 44. Kd2 1/2-1/2

[Event "BL 1415 SF Katernberg - SG Turm Trier"]
[Site "?"]
[Date "2014.10.18"]
[Round "1.5"]
[White "Bobras, Piotr"]
[Black "Siebrecht, Sebastian"]
[Result "1/2-1/2"]
[WhiteElo "2535"]
[BlackElo "2463"]
[PlyCount "103"]
[EventDate "2014.??.??"]

1. e4 c5 2. Nf3 e6 3. d4 cxd4 4. Nxd4 a6 5. Bd3 Nf6 6. O-O Qc7 7. Qe2 Bd6 8.
Kh1 Nc6 9. Nxc6 dxc6 10. a4 e5 11. Na3 Bg4 12. f3 Be6 13. Bc4 Bxa3 14. Rxa3
Bxc4 15. Qxc4 O-O 16. a5 Rad8 17. Be3 Rd7 18. Bb6 Qc8 19. Rd3 Rxd3 20. Qxd3 Qe6
21. Rd1 h6 22. b3 Re8 23. Bd8 Nh7 24. Bb6 Nf6 25. Bc5 Qc8 26. Kg1 Qe6 27. Kf2
Qc8 28. Rd2 Qc7 29. Bb6 Qc8 30. Ke2 Kh7 31. Bc5 Qc7 32. Bb6 Qc8 33. Qd6 Kg8 34.
Kd1 Nh7 35. Kc1 Nf8 36. Kb2 Re6 37. Qd8 Re8 38. Qd6 Re6 39. Qd8 Re8 40. Qxc8
Rxc8 41. Kc3 f6 42. Kc4 h5 43. c3 h4 44. h3 Ne6 45. Rd7 Nf4 46. Be3 Nxg2 47.
Bd2 c5 48. Kd5 Kh7 49. Ke6 Rc6+ 50. Kd5 Rc8 51. Ke6 Rc6+ 52. Kd5 1/2-1/2

[Event "BL 1415 SF Katernberg - SG Turm Trier"]
[Site "?"]
[Date "2014.10.18"]
[Round "1.6"]
[White "Scholz, Christian Dr"]
[Black "Cyborowski, Lukasz"]
[Result "0-1"]
[WhiteElo "2344"]
[BlackElo "2510"]
[PlyCount "120"]
[EventDate "2014.??.??"]

1. d4 d5 2. c4 e6 3. Nc3 Bb4 4. Nf3 dxc4 5. g3 Nf6 6. Bg2 Nbd7 7. Qa4 Nd5 8.
Bd2 O-O 9. e4 N7b6 10. Qc2 Nxc3 11. bxc3 Be7 12. Be3 Bd7 13. h4 Ba4 14. Qe2 c5
15. dxc5 Nd7 16. Qxc4 Qa5 17. Qb4 Qa6 18. Rb1 Rfc8 19. c4 Bxc5 20. Bxc5 Nxc5
21. O-O Bc2 22. Rb2 Bxe4 23. Rd2 Qa4 24. Qc3 Rd8 25. Rxd8+ Rxd8 26. Qe5 b6 27.
Qc7 Qd7 28. Qf4 Qb7 29. Re1 h6 30. Re3 Bc6 31. g4 Rd3 32. g5 Rxe3 33. fxe3 hxg5
34. hxg5 Be4 35. Kh2 Bxf3 36. Bxf3 Qc8 37. g6 fxg6 38. Qg3 Qd8 39. Bg2 g5 40.
Qe5 Kf7 41. Qg3 Kg6 42. Qe5 Kf7 43. Qg3 Nd7 44. Kg1 Qe7 45. Bc6 Nf6 46. Qxg5
Qb4 47. Qf4 Qb1+ 48. Kh2 Qxa2+ 49. Kh3 Qa3 50. Bf3 Qc5 51. Kg2 a5 52. Be2 a4
53. e4 Qd4 54. Qc7+ Nd7 55. Qf4+ Ke7 56. Qg5+ Kd6 57. Qg3+ Kc6 58. Qg5 Kc7 59.
Qb5 a3 60. Qa6 Qb2 0-1

[Event "BL 1415 SF Katernberg - SG Turm Trier"]
[Site "?"]
[Date "2014.10.18"]
[Round "1.7"]
[White "Parligras, Mircea-Emilian"]
[Black "Thesing, Matthias"]
[Result "1-0"]
[WhiteElo "2589"]
[BlackElo "2308"]
[PlyCount "47"]
[EventDate "2014.??.??"]

1. d4 d5 2. c4 dxc4 3. e4 b5 4. a4 c6 5. axb5 cxb5 6. Nc3 a6 7. Nxb5 axb5 8.
Rxa8 Bb7 9. Ra1 e6 10. f3 Nf6 11. Ne2 Nc6 12. Be3 Bb4+ 13. Kf2 O-O 14. b3 Na5
15. bxc4 Bxe4 16. Ng3 Bg6 17. cxb5 Nd5 18. Bd3 f5 19. Ne2 f4 20. Bc1 Qh4+ 21.
g3 fxg3+ 22. hxg3 Qf6 23. Bf4 Nc3 24. Qc2 1-0

[Event "BL 1415 SF Katernberg - SG Turm Trier"]
[Site "?"]
[Date "2014.10.18"]
[Round "1.8"]
[White "Heinz, Timothee"]
[Black "Gonda, Laszlo"]
[Result "1/2-1/2"]
[WhiteElo "2330"]
[BlackElo "2540"]
[PlyCount "42"]
[EventDate "2014.??.??"]

1. c4 c5 2. g3 g6 3. Bg2 Bg7 4. e3 Nh6 5. Ne2 Nf5 6. Nbc3 Nc6 7. Rb1 d6 8. d3
Bd7 9. a3 a5 10. b3 Rb8 11. Qc2 O-O 12. O-O Na7 13. a4 Nc6 14. Bb2 Nb4 15. Qd2
Bc6 16. e4 Nd4 17. Nxd4 Bxd4 18. Nd5 Bxb2 19. Rxb2 Na6 20. Qc3 e5 21. Ne3 Nb4
1/2-1/2

[Event "BL 1415 Hansa Dortmund - SV Hockenheim"]
[Site "?"]
[Date "2014.10.18"]
[Round "1.3"]
[White "Baramidze, David"]
[Black "Korpa, Bence"]
[Result "1-0"]
[WhiteElo "2605"]
[BlackElo "2426"]
[PlyCount "91"]
[EventDate "2014.??.??"]

1. d4 Nf6 2. c4 e6 3. g3 d5 4. Bg2 Bb4+ 5. Bd2 Be7 6. Nf3 O-O 7. O-O Nbd7 8.
Qc2 c6 9. Rd1 a5 10. b3 b5 11. Bc3 Ba6 12. c5 Ne4 13. Be1 f5 14. a3 Bf6 15. b4
a4 16. Bc3 Nxc3 17. Nxc3 Qc7 18. Rac1 Rae8 19. e3 g5 20. Ne1 Kg7 21. f4 g4 22.
h3 h5 23. hxg4 hxg4 24. Nd3 Bc8 25. Kf2 Rh8 26. Rh1 Ba6 27. Qb1 Qc8 28. Ne5
Bxe5 29. dxe5 Rxh1 30. Rxh1 Rh8 31. Ne2 Bb7 32. Nd4 Nf8 33. Rxh8 Kxh8 34. Qh1+
Kg7 35. Qh4 Kf7 36. Bf1 Qd7 37. Qf6+ Ke8 38. Bd3 Qf7 39. Nxb5 Qxf6 40. Nd6+ Kd7
41. exf6 Kc7 42. b5 cxb5 43. Nxb7 b4 44. axb4 Kxb7 45. b5 a3 46. Bb1 1-0

[Event "BL 1415 Hansa Dortmund - SV Hockenheim"]
[Site "?"]
[Date "2014.10.18"]
[Round "1.4"]
[White "Schmittdiel, Eckhard"]
[Black "Buhmann, Rainer"]
[Result "1/2-1/2"]
[WhiteElo "2441"]
[BlackElo "2597"]
[PlyCount "58"]
[EventDate "2014.??.??"]

1. e4 e5 2. Nf3 Nc6 3. Bb5 Nf6 4. O-O Nxe4 5. d4 Nd6 6. Bxc6 dxc6 7. dxe5 Nf5
8. Qxd8+ Kxd8 9. Rd1+ Ke8 10. Nc3 Ne7 11. Bf4 Ng6 12. Bg3 Be7 13. Nd4 h5 14. h3
h4 15. Bh2 Nf8 16. Nce2 Bd7 17. c4 Rd8 18. b3 Bc8 19. Kf1 a6 20. e6 Nxe6 21.
Nxe6 Bxe6 22. Bxc7 Rxd1+ 23. Rxd1 f6 24. Bb6 Kf7 25. Nc3 Bf5 26. f3 Re8 27. Ne4
Bxe4 28. fxe4 Ke6 29. Ke2 Rh8 1/2-1/2

[Event "BL 1415 Hansa Dortmund - SV Hockenheim"]
[Site "?"]
[Date "2014.10.18"]
[Round "1.5"]
[White "Banusz, Tamas"]
[Black "Wegener, Olaf"]
[Result "1/2-1/2"]
[WhiteElo "2595"]
[BlackElo "2441"]
[PlyCount "130"]
[EventDate "2014.??.??"]

1. Nf3 Nf6 2. c4 e6 3. g3 d5 4. Bg2 dxc4 5. Qa4+ Nbd7 6. Qxc4 c5 7. Qb3 Bd6 8.
O-O O-O 9. a4 Nb8 10. Na3 Nc6 11. d3 e5 12. Nc4 Rb8 13. Bd2 h6 14. Bc3 Re8 15.
e3 Bc7 16. Rfd1 Qe7 17. Qa3 Bf5 18. d4 cxd4 19. Qxe7 Nxe7 20. exd4 e4 21. Nfd2
Ned5 22. Nf1 Rbd8 23. Nce3 Bg6 24. Rac1 Bb8 25. Ba5 b6 26. Bd2 Nxe3 27. Bxe3
Nd5 28. Bd2 Bh5 29. Re1 f5 30. Ne3 Nxe3 31. fxe3 Bf7 32. Bf1 Bd6 33. Bb5 Rf8
34. Rc6 Bd5 35. Rxd6 Rxd6 36. Bb4 Rfd8 37. Bxd6 Rxd6 38. Rc1 a5 39. Rc7 Kh7 40.
Kf2 Kg6 41. Ke1 Kf6 42. Kd2 g5 43. Rc8 Be6 44. Rh8 Kg7 45. Rb8 Kg6 46. Rb7 f4
47. gxf4 gxf4 48. exf4 Rxd4+ 49. Ke3 Rb4 50. Rb8 Kf6 51. Rf8+ Kg7 52. Rb8 Kf6
53. h4 Rxb2 54. Kxe4 Rb4+ 55. Ke3 Rb3+ 56. Kd2 Rf3 57. Rxb6 Rxf4 58. h5 Rh4 59.
Ra6 Rxh5 60. Rxa5 Rd5+ 61. Ke3 h5 62. Ra8 h4 63. Rh8 h3 64. Bf1 Bd7 65. Bxh3
Bxa4 1/2-1/2

[Event "BL 1415 Hansa Dortmund - SV Hockenheim"]
[Site "?"]
[Date "2014.10.18"]
[Round "1.6"]
[White "Mainka, Romuald"]
[Black "Brunello, Sabino"]
[Result "1/2-1/2"]
[WhiteElo "2418"]
[BlackElo "2552"]
[PlyCount "81"]
[EventDate "2014.??.??"]

1. e4 c6 2. d4 d5 3. Nd2 dxe4 4. Nxe4 Bf5 5. Ng3 Bg6 6. h4 h6 7. Nf3 Nd7 8. h5
Bh7 9. Bd3 Bxd3 10. Qxd3 e6 11. Bd2 Ngf6 12. O-O-O Be7 13. Ne4 Nxe4 14. Qxe4
Nf6 15. Qe2 Qd5 16. c4 Qe4 17. Qxe4 Nxe4 18. Be3 O-O 19. Ne5 Rfd8 20. g4 c5 21.
dxc5 Bxc5 22. Bxc5 Nxc5 23. Kc2 f6 24. Nd3 Rd4 25. b3 Nxd3 26. Rxd3 Rxg4 27.
Rd7 b6 28. Rh3 g6 29. hxg6 Rxg6 30. b4 a5 31. a3 axb4 32. axb4 Ra2+ 33. Kb3
Rxf2 34. c5 bxc5 35. bxc5 Rg1 36. Rxh6 Rb1+ 37. Ka3 Ra1+ 38. Kb3 Rb1+ 39. Ka3
Ra1+ 40. Kb3 Rb1+ 41. Ka3 1/2-1/2

[Event "BL 1415 Hansa Dortmund - SV Hockenheim"]
[Site "?"]
[Date "2014.10.18"]
[Round "1.7"]
[White "Ribli, Zoltan"]
[Black "Zelbel, Patrick"]
[Result "0-1"]
[WhiteElo "2560"]
[BlackElo "2418"]
[PlyCount "84"]
[EventDate "2014.??.??"]

1. Nf3 c5 2. c4 Nc6 3. Nc3 g6 4. e3 Nf6 5. d4 cxd4 6. exd4 d5 7. cxd5 Nxd5 8.
Qb3 Nxc3 9. Bc4 Nd5 10. Bxd5 e6 11. Bxc6+ bxc6 12. O-O Be7 13. Bh6 Qd5 14. Qe3
f6 15. Rac1 Bd7 16. b3 Kf7 17. Rc3 Rhb8 18. Rfc1 Rb5 19. Bf4 a5 20. Nd2 a4 21.
Nc4 axb3 22. axb3 Ra2 23. h3 c5 24. Rd3 Bc6 25. Qg3 cxd4 26. Bd6 e5 27. Bxe7
Kxe7 28. f3 Kf7 29. Qh4 Kg7 30. Ne3 Qe6 31. Ng4 h5 32. Nxf6 Qxf6 33. Qxf6+ Kxf6
34. Rxc6+ Kf5 35. Rc8 Rb2 36. Rf8+ Ke6 37. f4 R2xb3 38. Re8+ Kf5 39. Rxb3 Rxb3
40. fxe5 Re3 41. Rd8 Kxe5 42. Kf2 h4 0-1

[Event "BL 1415 Hansa Dortmund - SV Hockenheim"]
[Site "?"]
[Date "2014.10.18"]
[Round "1.8"]
[White "Karger, Frank"]
[Black "Paehtz, Elisabeth"]
[Result "0-1"]
[WhiteElo "2268"]
[BlackElo "2477"]
[PlyCount "106"]
[EventDate "2014.??.??"]

1. d4 e6 2. c4 c5 3. d5 exd5 4. cxd5 d6 5. Nc3 g6 6. Nf3 Bg7 7. Bf4 Nf6 8. e3
O-O 9. Be2 Na6 10. O-O Nc7 11. a4 b6 12. Qb3 Bb7 13. Rfd1 Rb8 14. e4 Nh5 15.
Bg5 Qd7 16. Nd2 f5 17. Bxh5 gxh5 18. Nc4 Ba6 19. Re1 f4 20. f3 Bd4+ 21. Kh1
Bxc4 22. Qxc4 Qg7 23. Bh4 Kh8 24. Qf1 a6 25. Bf2 Be5 26. Qd3 Rf6 27. Rg1 h4 28.
Nd1 Rg6 29. Qf1 Qe7 30. Be1 b5 31. Bc3 bxa4 32. Bxe5+ Qxe5 33. Rxa4 Rb3 34. Qc4
Rb7 35. Qc3 Qxc3 36. bxc3 Rb3 37. Ra2 Rg8 38. Nf2 Rgb8 39. Nh3 Rxc3 40. Nxf4
Kg7 41. Rd1 Rcb3 42. Kg1 Kf6 43. Kf2 R8b6 44. Nd3 Nb5 45. e5+ Ke7 46. exd6+
Kxd6 47. Rc2 Rc3 48. Re2 Nd4 49. Re4 Rc2+ 50. Kf1 h3 51. gxh3 Rxh2 52. Rde1
Kxd5 53. Re5+ Kc4 0-1

[Event "BL 1415 Hamburger SK - Turm Emsdetten"]
[Site "?"]
[Date "2014.10.19"]
[Round "2.1"]
[White "Mchedlishvili, Mikheil"]
[Black "Svane, Rasmus"]
[Result "1-0"]
[WhiteElo "2609"]
[BlackElo "2506"]
[PlyCount "89"]
[EventDate "2014.??.??"]

1. c4 c5 2. Nf3 Nc6 3. Nc3 g6 4. g3 Bg7 5. Bg2 d6 6. O-O Bf5 7. b3 Nf6 8. Bb2
O-O 9. d3 Qd7 10. Re1 Rab8 11. Qd2 e5 12. Rad1 a6 13. Ng5 b5 14. Nge4 b4 15.
Nxf6+ Bxf6 16. Nd5 Bg7 17. Ra1 Ne7 18. a3 Nxd5 19. Bxd5 Be6 20. Bg2 a5 21. Reb1
d5 22. axb4 axb4 23. Qe3 d4 24. Qe4 Qe7 25. Ra5 Rbc8 26. Rba1 Bf5 27. Qb7 Rc7
28. Qb6 Bg4 29. Kf1 h5 30. Bc1 Rfc8 31. Ra7 Bf5 32. Bd5 Bh3+ 33. Kg1 Bg4 34.
Rxc7 Rxc7 35. Qxg6 Qf6 36. Ra8+ Rc8 37. Rxc8+ Bxc8 38. Qxh5 Be6 39. Qg5 Qxg5
40. Bxg5 Bd7 41. Kf1 Ba4 42. bxa4 b3 43. Bc1 Bh6 44. e3 dxe3 45. Bb2 1-0

[Event "BL 1415 Hamburger SK - Turm Emsdetten"]
[Site "?"]
[Date "2014.10.19"]
[Round "2.4"]
[White "Rogozenco, Dorian"]
[Black "Grandelius, Nils"]
[Result "1/2-1/2"]
[WhiteElo "2508"]
[BlackElo "2569"]
[PlyCount "62"]
[EventDate "2014.??.??"]

1. d4 Nf6 2. c4 e6 3. Nc3 Bb4 4. Qc2 b6 5. e4 c5 6. d5 Qe7 7. Bd3 exd5 8. cxd5
c4 9. Bxc4 Qxe4+ 10. Qxe4+ Nxe4 11. Nge2 Ba6 12. Bxa6 Nxa6 13. O-O Nxc3 14.
Nxc3 Bxc3 15. bxc3 O-O 16. Be3 Rfc8 17. Bd4 Nc7 18. c4 f6 19. Rfc1 Kf7 20. a4
Ne8 21. c5 Rc7 22. cxb6 Rxc1+ 23. Rxc1 axb6 24. Rc4 Ra6 25. h3 Nd6 26. Rb4 Nc8
27. Be3 Ne7 28. Rxb6 Rxa4 29. Rb7 Ra1+ 30. Kh2 Rd1 31. Rxd7 Rxd5 1/2-1/2